| 000 | 00341nam a22001457a 4500 | ||
|---|---|---|---|
| 003 | OSt | ||
| 008 | 250519b |||||||| |||| 00| 0 eng d | ||
| 100 | _aSARASWATI, Mehrsi Dayanand | ||
| 245 | _aDanik Satsang Ghutkha | ||
| 250 | _a23th | ||
| 260 |
_aNew Delhi _bArya Prakashan _c2023 |
||
| 300 | _a56 | ||
| 650 | _aGeneral | ||
| 942 |
_2ddc _cBK |
||
| 999 |
_c13596 _d13596 |
||